| 000 | 00420nam a2200145 a 4500 | ||
|---|---|---|---|
| 001 | 3846 | ||
| 003 | CDMR | ||
| 005 | 20130301120308.0 | ||
| 008 | 130130s2003||||||||||||||||||||||||||||d | ||
| 040 |
_aCDMR _bcat _cCDMR |
||
| 245 | 0 | 0 | _a5º Certamen Nacional de Fotografía Francisco Jiménez 2002 |
| 260 |
_aAlgeciras _c2003 _bAutoridad Portuaria de la Bahía de Algeciras |
||
| 500 | _aCatàleg d'exposició | ||
| 942 |
_cMON _2udc |
||
| 999 |
_c3846 _d3846 |
||